[Event "FSGM Sept"]
[Site "Budapest HUN"]
[Date "2002.09.12"]
[Round "6"]
[White "Lane,G"]
[Black "Claverie,C"]
[Result "1-0"]
[WhiteElo "2446"]
[BlackElo "2392"]

1.e4 d6 2.d4 g6 3.Nc3 Bg7 4.Be3 a6 5.Nf3 b5 6.Bd3 Bb7 7.Qd2 Nd7 8.a4 b4 9.Ne2 a5
10.Ng3 Ngf6 11.Bh6 Bxh6 12.Qxh6 e5 13.h3 Qe7 14.O-O O-O-O 15.Rfe1 Kb8 16.c3 c5
17.Bb5 exd4 18.cxd4 cxd4 19.Nxd4 Rc8 20.Nb3 Qd8 21.Qf4 Ne5 22.Nxa5 Nd5 23.exd5 Qxa5
24.Qd4 Rc5 25.Rxe5 Rxb5 26.Ree1  1-0

[Event "TCh-CRO"]
[Site "Medulin CRO"]
[Date "2002.09.12"]
[Round "4"]
[White "Jovanovic,Zo2"]
[Black "Sulava,N"]
[Result "1/2-1/2"]
[WhiteElo "2389"]
[BlackElo "2556"]

1.e4 g6 2.d4 Bg7 3.Nc3 d6 4.g3 Nc6 5.Be3 e5 6.dxe5 Nxe5 7.h3 Be6 8.Bg2 b5
9.Bd4 b4 10.Nd5 c5 11.Bxe5 Bxe5 12.Rb1 Ne7 13.Nf3 Bg7 14.O-O O-O 15.Nd2 Nxd5
16.exd5 Bd7 17.Re1 f5 18.Qe2 f4 19.g4 Rf7 20.Qa6 Qb6 21.Qxb6 axb6 22.Nc4 Bf8
23.Nxb6 Rxa2 24.Bf1 Ra7  1/2-1/2

[Event "Poyntner Mem GM"]
[Site "St Poelten AUT"]
[Date "2002.09.12"]
[Round "8"]
[White "Neubauer,M"]
[Black "Stanec,N"]
[Result "1/2-1/2"]
[WhiteElo "2393"]
[BlackElo "2523"]

1.e4 g6 2.d4 Bg7 3.Nc3 d6 4.Be3 a6 5.Nf3 Nf6 6.a4 Bg4 7.Be2 O-O 8.O-O Nc6
9.d5 Bxf3 10.Bxf3 Ne5 11.Be2 c5 12.f4 Ned7 13.a5 Ne8 14.Bc4 Nc7 15.Qd3 Kh8
16.Kh1 Rg8 17.Ra3 Rb8 18.Na4 Ne8 19.Bd2 Bf6 20.Qh3 Rf8 21.Raf3 Bg7 22.Qh4 Bf6
23.Qh6 Bg7 24.Qh4 Bf6 25.Qh6 Bg7  1/2-1/2

[Event "7th WUCC Men"]
[Site "Ulaanbaatar MON"]
[Date "2002.09.12"]
[Round "2"]
[White "Otgonbat,C"]
[Black "Moreno,W"]
[Result "1-0"]
[WhiteElo "2119"]
[BlackElo "2102"]

1.e4 g6 2.d4 Bg7 3.Nc3 d6 4.f4 Nf6 5.Nf3 O-O 6.Bd3 Nc6 7.O-O Bg4 8.e5 dxe5
9.dxe5 Nd5 10.Qe1 Ncb4 11.Nxd5 Nxd5 12.Ng5 h6 13.Ne4 Bf5 14.Bd2 c6 15.Kh1 Qc7
16.Rd1 Rad8 17.c4 Nb6 18.Ba5 Bxe4 19.Qxe4 c5 20.b3 Rd4 21.Qe2 e6 22.Bc3 Rd7
23.Rf3 Nc8 24.h4 h5 25.Rh3 Ne7 26.g4 hxg4 27.Qxg4 Rfd8 28.h5 gxh5 29.Qxh5 Ng6
30.f5 Qc6+ 31.Kh2 Qg2+ 32.Kxg2 Nf4+ 33.Kh1 Nxh5 34.f6 Nf4 35.Bh7+ Kf8 36.fxg7+ Kxg7
37.Rg1+ Kf8 38.Rh2 Rd1 39.Bc2 Rxg1+ 40.Kxg1 Ke7 41.Bd2 Rg8+ 42.Kf2 Ng6 43.Bg5+ Kd7
44.Bf6 Nf4 45.Kf3 Ng6 46.Rh7 Ke8 47.Bxg6 Rxg6 48.Rh8+ Kd7 49.Rf8 Rg1 50.Rxf7+ Kc6
51.Ke3 Ra1 52.Kd3 Rxa2 53.Re7 a5 54.Rxe6+ Kd7 55.Rb6 Kc7 56.e6 Rg2 57.e7 Rg8
58.Re6 Kd7 59.e8=Q+ Rxe8 60.Rxe8 Kxe8 61.Ke4 Kd7 62.Kd5 b6 63.Be5  1-0

[Event "TCh-CRO"]
[Site "Medulin CRO"]
[Date "2002.09.13"]
[Round "5"]
[White "Sermek,D"]
[Black "Mohr,G"]
[Result "1-0"]
[WhiteElo "2603"]
[BlackElo "2523"]

1.e4 g6 2.d4 Bg7 3.Nc3 d6 4.Be3 Nf6 5.h3 O-O 6.g3 e5 7.Nge2 Nc6 8.Bg2 a6
9.a4 Bd7 10.O-O exd4 11.Nxd4 Re8 12.Re1 Na5 13.Qd3 c5 14.Nde2 Bc6 15.Rad1 c4
16.Qxd6 Qxd6 17.Rxd6 Nxe4 18.Rxc6 Nxc3 19.Rc5 Nxe2+ 20.Rxe2 b6 21.Rc7 Rad8
22.Bf3 Bd4 23.Bd5 Rxe3 24.Bxf7+ Kf8 25.fxe3 Be5 26.Ra7 Bb8 27.Rxa6 Kxf7 28.Rxb6 Bxg3
29.Rb5 Ra8 30.Kg2 Bd6 31.b4 cxb3 32.cxb3 Ra6 33.Rc2 Nc6 34.Rb7+ Ke6 35.Rxh7 Na5
36.Rc3 Be5 37.Rd3 Rb6 38.Ra7 Nxb3 39.a5 Rb5 40.Ra6+ Kf5 41.Rb6 Rxb6 42.axb6 Nc5
43.Rd5 Nb7 44.Rd7 Nc5 45.Rd5 Nb7 46.Rd7 Nc5 47.Rc7 Bd6 48.Kf3 Ke6 49.Rg7 Kf6
50.Ra7 Bb8 51.Rc7 Nd3 52.Ke4 Nb4 53.Rc4 Na6 54.Kd5 Bg3 55.Rg4 Bh2 56.Rg2 Bb8
57.e4 Nb4+ 58.Kc5 Nd3+ 59.Kc6 Bf4 60.b7 Ne5+ 61.Kd5 Nd7 62.Rf2 g5 63.e5+ Ke7
64.Rb2 Nb8 65.Rc2 Nd7 66.Rc7  1-0

[Event "VI Pablo Gorbea Mem"]
[Site "Madrid ESP"]
[Date "2002.09.17"]
[Round "2"]
[White "Costa,Joao"]
[Black "Arencibia,W"]
[Result "0-1"]
[WhiteElo "2131"]
[BlackElo "2534"]

1.e4 g6 2.d4 Bg7 3.Nc3 d6 4.Be3 a6 5.Qd2 b5 6.Nf3 Bb7 7.Bd3 Nd7 8.a4 b4 9.Na2 c5
10.c3 bxc3 11.bxc3 Ngf6 12.Qc2 Qc7 13.Nd2 Ng4 14.O-O O-O 15.Bg5 d5 16.e5 f6
17.Qd1 Nxh2 18.Kxh2 fxg5 19.Kg1 Bc8 20.Nf3 g4 21.Nh2 g3 22.fxg3 cxd4 23.cxd4 Qa7
24.Rxf8+ Nxf8 25.Nf3 Bg4 26.Be2 Rb8 27.Kh1 Bh6 28.Nc3 e6 29.Qd3 Rb6 30.a5 Rc6
31.Na4 Nd7 32.Rb1 Bf5  0-1

[Event "ECC"]
[Site "Halkidiki GRE"]
[Date "2002.09.23"]
[Round "2"]
[White "Stanojoski,Z"]
[Black "Bezold,M"]
[Result "1/2-1/2"]
[WhiteElo "2479"]
[BlackElo "2468"]

1.e4 g6 2.d4 Bg7 3.Nc3 d6 4.f4 a6 5.Nf3 b5 6.Bd3 Bb7 7.O-O Nd7 8.e5 c5 9.Be4 Bxe4
10.Nxe4 cxd4 11.e6 fxe6 12.Neg5 Nf8 13.Nxd4 Qd7 14.Re1 Bxd4+ 15.Qxd4 Nf6
16.a4 bxa4 17.Rxa4 h6 18.Nf3 Kf7 19.b3 N8h7 20.Qd3 Qa7+ 21.Be3 Qb7 22.Bd4 Rhc8
23.Bxf6 exf6 24.Qxd6 Rc6 25.Qd2 Qb6+ 26.Kh1 Rd8 27.Qe2 Nf8 28.Rea1 Qc7 29.Rxa6 Rxc2
30.Ra7 Rxe2 31.Rxc7+ Rd7 32.Raa7 Ke7 33.h3 g5 34.fxg5 hxg5 35.Nd4 Re4 36.Nc2 Re2
37.Na3 Rb2 38.Rab7 Kd8 39.Rxd7+ Nxd7 40.b4 Ne5 41.b5 g4 42.hxg4 Nxg4 43.Ra7 Ra2
44.g3 Ra1+ 45.Kg2 Ne3+ 46.Kf2 Nc4 47.Ra8+ Kc7 48.Ra6 Ra2+ 49.Kg1 Ra1+ 50.Kh2 Ra2+
51.Kh3 Nxa3 52.Rxe6 Rf2 53.b6+ Kb7 54.g4 Nc4 55.Kg3 Rf1 56.Kg2 Nd2 57.Re2 Rd1
58.Re7+ Kxb6 59.Re6+ Kc7 60.Rxf6 Ne4 61.Ra6 Rd3 62.Kf1 Rg3 63.Ke2 Kd7 64.Ra4 Nc3+
65.Kf2 Rd3 66.Rf4 Ke6 67.Rf3 Ne4+ 68.Ke2 Rd8 69.Ke3 Nf6 70.g5 Ng4+ 71.Kf4 Rd4+
72.Kg3 Ne5 73.Rf6+ Kd5 74.Rf4 Rd3+ 75.Kg2 Ng6 76.Rf6 Nh4+ 77.Kf2 Ke5 78.Ke2 Rg3
79.Ra6 Nf5 80.Ra8 Rxg5 81.Re8+ Kf4 82.Kd2 Rg3 83.Rf8 Rh3 84.Kc2  1/2-1/2

[Event "ECC"]
[Site "Halkidiki GRE"]
[Date "2002.09.23"]
[Round "2"]
[White "Shirov,A"]
[Black "Volokitin,And"]
[Result "1-0"]
[WhiteElo "2697"]
[BlackElo "2545"]

1.e4 g6 2.d4 Bg7 3.Nc3 d6 4.f4 Nf6 5.Nf3 O-O 6.Bd3 Nc6 7.e5 dxe5 8.fxe5 Nh5
9.Be3 Bg4 10.Be2 f6 11.exf6 exf6 12.O-O Qd7 13.d5 Ne7 14.Ne5 fxe5 15.Rxf8+ Rxf8
16.Bxg4 Qe8 17.Bxa7 Nc8 18.Bc5 Nd6 19.Bxh5 gxh5 20.Bxd6 cxd6 21.Ne4 Rf4 22.Qd3 Qg6
23.Re1 h4 24.h3 Bh6 25.c4 b6 26.b4 Rf7 27.a4 Bf4 28.a5 bxa5 29.bxa5 Ra7 30.Qb3 Ra8
31.a6 Rf8 32.a7 Qf7 33.Qb8 Bg3 34.Ra1  1-0

[Event "ECC"]
[Site "Halkidiki GRE"]
[Date "2002.09.24"]
[Round "3"]
[White "Buckley,D"]
[Black "Bergsson,Sn"]
[Result "1-0"]
[WhiteElo "2190"]
[BlackElo "2288"]

1.d4 g6 2.e4 Bg7 3.Nc3 d6 4.Be3 a6 5.a4 Nd7 6.Nf3 e6 7.Qd2 h6 8.a5 Ne7 9.Be2 g5
10.h4 g4 11.Nh2 h5 12.f3 Ng6 13.fxg4 Nxh4 14.Rg1 Ng6 15.gxh5 Qh4+ 16.g3 Qxh2
17.hxg6 fxg6 18.O-O-O Nf8 19.Bg5 Bd7 20.Kb1 Qf2 21.Rdf1 Bxd4 22.Rxf2 Bxf2
23.Rf1 Bxg3 24.Qe3 Be5 25.Qf3  1-0

[Event "ECC"]
[Site "Halkidiki GRE"]
[Date "2002.09.25"]
[Round "4"]
[White "Palkovi,J"]
[Black "Rudolf,Hen"]
[Result "1-0"]
[WhiteElo "2389"]
[BlackElo "2348"]

1.e4 g6 2.d4 Bg7 3.Nc3 d6 4.h3 Nf6 5.g3 O-O 6.Bg2 e5 7.Nge2 exd4 8.Nxd4 Bd7
9.O-O Nc6 10.Be3 Re8 11.Re1 a6 12.f4 Nxd4 13.Bxd4 Bc6 14.Qd2 Re6 15.g4 Qf8
16.f5 gxf5 17.gxf5 Ree8 18.Qg5 h6 19.Qh4 Qe7 20.Re3 Nd7 21.f6 Bxf6 22.Rg3+ Kh7
23.Bxf6 Qxf6 24.Qxf6 Nxf6 25.Rf1 Rg8 26.Rxg8 Nxg8 27.Rxf7+ Kg6 28.Rxc7 Re8
29.a4 Nf6 30.b4 Re5 31.Kf2 Nxe4+ 32.Nxe4 Bxe4 33.Bxe4+ Rxe4 34.Rxb7 a5 35.c3 Rc4
36.Rb5 Rxc3 37.Rxa5 Kf6 38.h4 Rc4 39.Rb5 Rxh4 40.a5 Rh2+ 41.Ke3 Ra2 42.Kd4 Ke6
43.Rb7 Rd2+ 44.Kc3 Ra2 45.Ra7 Kd5 46.b5 Ra3+ 47.Kb2 Ra4 48.Kb3 Ra1 49.Kb2 Ra4
50.b6 h5 51.b7 Rb4+ 52.Kc3 Rb1 53.a6 h4 54.Ra8 h3 55.b8=Q Rc1+ 56.Kd2 h2
57.Qb7+  1-0

[Event "ECC"]
[Site "Halkidiki GRE"]
[Date "2002.09.26"]
[Round "5"]
[White "Coenen,N"]
[Black "Zvjaginsev,V"]
[Result "1/2-1/2"]
[WhiteElo "2425"]
[BlackElo "2673"]

1.e4 g6 2.d4 Bg7 3.Nc3 d6 4.h3 a6 5.a4 b6 6.Be3 Bb7 7.Nf3 e6 8.Qd2 Nd7 9.Bd3 c5
10.d5 exd5 11.exd5 Ngf6 12.Bc4 O-O 13.O-O b5 14.axb5 Nb6 15.Be2 axb5 16.Bxb5 Nbxd5
17.Nxd5 Bxd5 18.Be2 Qb6 19.c3 Bb7 20.Rfd1 Rxa1 21.Rxa1 Re8 22.Qd3 Be4 23.Qd2 Bb7
24.Qd3 Be4 25.Qd2 Qb8 26.Bf4 Bf5 27.Bc4 Ne4 28.Qd5 Rf8 29.Re1  1/2-1/2

[Event "ECC"]
[Site "Halkidiki GRE"]
[Date "2002.09.27"]
[Round "6"]
[White "Dishman,S"]
[Black "Lehtinen,H"]
[Result "0-1"]
[WhiteElo "2297"]
[BlackElo "2338"]

1.d4 d6 2.e4 g6 3.Nc3 Bg7 4.Be3 c6 5.Qd2 b5 6.Bd3 Nd7 7.Nf3 Qc7 8.O-O Ngf6
9.Bh6 O-O 10.Bxg7 Kxg7 11.Rfe1 e5 12.dxe5 dxe5 13.a4 b4 14.Ne2 c5 15.Ng3 c4
16.Bf1 a5 17.Qg5 Ng8 18.Red1 f6 19.Qd2 Nb6 20.Qd6 Rf7 21.b3 Bg4 22.Qxc7 Rxc7
23.Rd6 Nc8 24.Rd8 c3 25.Ne1 Nge7 26.Bc4 Bd7 27.Nf1 Raa7 28.Ne3 Nb6 29.Rb8 Nxc4
30.Nxc4 Nc6 31.Rb5 Be6 32.Rc5 Bxc4 33.Rxc4 Nd4 34.Rxd4 exd4 35.Nd3 Re7 36.Re1 Ra8
37.f3 f5 38.e5 g5 39.Kf2 Kf7 40.g3 Ke6 41.f4 h6 42.Kf3 Kd5 43.Re2 Rg8 44.Re1 g4+
45.Kg2 h5 46.Rd1 h4 47.Nc1 Rd8 48.Ne2 Kc5 49.Rd3 Rh7 50.Kg1 hxg3 51.Rxg3 Rh3
52.Nc1 Rxg3+ 53.hxg3 d3 54.cxd3 Kd4 55.Kf2 c2 56.Ke1 Ke3  0-1

[Event "ECC"]
[Site "Halkidiki GRE"]
[Date "2002.09.28"]
[Round "7"]
[White "Genser,H"]
[Black "Rudolf,Hen"]
[Result "1-0"]
[WhiteElo "2248"]
[BlackElo "2348"]

1.d4 g6 2.e4 Bg7 3.Nc3 d6 4.Be3 a6 5.Qd2 Nd7 6.Nf3 b5 7.a4 b4 8.Ne2 c5 9.Ng3 Qa5
10.c3 bxc3 11.bxc3 Ngf6 12.h3 O-O 13.Bd3 Rd8 14.O-O Nb6 15.Qe2 Bd7 16.Bd2 Nxa4
17.Bc2 cxd4 18.cxd4 Qb5 19.Bxa4 Qxe2 20.Nxe2 Bxa4 21.Rxa4 Nxe4 22.Be3 Rdb8
23.Rc1 Rb2 24.Rxa6  1-0

[Event "3rd Mitropa Cup Junior"]
[Site "Saint Vincent ITA"]
[Date "2002.09.28"]
[Round "1"]
[White "Cernousek,L"]
[Black "Paehtz,T"]
[Result "1/2-1/2"]
[WhiteElo "2294"]
[BlackElo "2455"]

1.e4 g6 2.d4 Bg7 3.Nc3 d6 4.Be3 a6 5.Qd2 Nd7 6.f3 b5 7.a4 b4 8.Nd1 Rb8 9.c3 bxc3
10.bxc3 c5 11.Bd3 cxd4 12.cxd4 Nc5 13.Bc2 Nb3 14.Bxb3 Rxb3 15.Ne2 Nf6 16.O-O O-O
17.Ndc3 e6 18.Rfb1 Rxb1+ 19.Rxb1 Qc7 20.Qb2 Nd7 21.Qb4 Re8 22.a5 Bf8 23.d5 Ne5
24.Bb6 Qc4 25.Qa3 Bd7 26.Rc1 Rc8 27.Rd1 Nd3 28.Bd4 Rb8 29.Bb6  1/2-1/2

[Event "EuYCh G18"]
[Site "Peniscola ESP"]
[Date "2002.09.29"]
[Round "1"]
[White "Partac,E"]
[Black "Bonnafous,N"]
[Result "1/2-1/2"]
[WhiteElo "2206"]
[BlackElo "2040"]

1.e4 g6 2.d4 Bg7 3.Nc3 d6 4.g3 Nf6 5.Bg2 O-O 6.Nge2 e5 7.h3 Nc6 8.Be3 exd4
9.Nxd4 Bd7 10.O-O Re8 11.Re1 a6 12.g4 Nxd4 13.Bxd4 c5 14.Be3 Bc6 15.Bf4 Re6
16.Nd5 Bxd5 17.exd5 Rxe1+ 18.Qxe1 b5 19.Qe3 Qd7 20.Qg3 Rb8 21.Re1 Re8 22.Re3 Bf8
23.Bf3 Rxe3 24.Bxe3 Qe7 25.g5 Nd7 26.Bg2 Bg7 27.b3  1/2-1/2

[Event "Autumn III"]
[Site "Alushta UKR"]
[Date "2002.10.02"]
[Round "8"]
[White "Pisakov,I"]
[Black "Inarkiev,E"]
[Result "1-0"]
[WhiteElo "2260"]
[BlackElo "2545"]

1.e4 g6 2.d4 Bg7 3.Nc3 d6 4.Nf3 Nf6 5.Be2 O-O 6.O-O Bg4 7.h3 Bxf3 8.Bxf3 e5
9.Bg5 Nbd7 10.Ne2 exd4 11.Nxd4 Ne5 12.Be2 h6 13.Bh4 g5 14.f4 Ng6 15.fxg5 Nxe4
16.gxh6 Nxh4 17.hxg7 Re8 18.Bc4 Nf6 19.Qd2 d5 20.Qh6 Ng6 21.Bd3 Re4 22.Bxe4 Nxe4
23.Rf5 c5 24.Rh5  1-0

[Event "4th ZNG111 IM"]
[Site "Opatija CRO"]
[Date "2002.10.06"]
[Round "3"]
[White "Zufic,M"]
[Black "Kljako,D"]
[Result "1-0"]
[WhiteElo "2321"]
[BlackElo "2263"]

1.e4 g6 2.d4 Bg7 3.Nc3 d6 4.Be3 a6 5.Qd2 b5 6.Bd3 Nd7 7.a4 b4 8.Nce2 Rb8
9.Nf3 c5 10.c3 Qc7 11.O-O Ngf6 12.h3 O-O 13.Ng3 Re8 14.Rfe1 e5 15.d5 bxc3
16.bxc3 c4 17.Bf1 a5 18.Qa2 Ba6 19.Nd2 Rec8 20.Rab1 Rxb1 21.Rxb1 h5 22.Be2 Kh7
23.Ngf1 Nc5 24.f3 Nfd7 25.Qa3 Bf8 26.Rb2 Kg8 27.Bf2 Bh6 28.Ne3 Nb6 29.Ndxc4 Bxc4
30.Nxc4 Nxc4 31.Bxc4 Bc1 32.Bb5 Rb8 33.Bxc5 Bxb2 34.Bxd6 Qb6+ 35.Qc5 Bxc3
36.Qxb6 Rxb6 37.Bc7 Bd4+ 38.Kf1 Kf8 39.d6  1-0

[Event "Autumn III"]
[Site "Alushta UKR"]
[Date "2002.10.07"]
[Round "13"]
[White "Kozlov,Vi"]
[Black "Inarkiev,E"]
[Result "0-1"]
[WhiteElo "2340"]
[BlackElo "2545"]

1.e4 g6 2.d4 Bg7 3.Nc3 d6 4.Be3 a6 5.a4 b6 6.Qd2 Bb7 7.f3 e6 8.Nh3 Nf6 9.Nf2 O-O
10.Rd1 Qe7 11.Bg5 Nbd7 12.Ng4 Qe8 13.Nh6+ Kh8 14.g4 c5 15.dxc5 d5 16.exd5 exd5+
17.Be2 bxc5 18.O-O d4 19.Nb1 Nd5 20.Na3 f6  0-1

[Event "4th ZNG111 IM"]
[Site "Opatija CRO"]
[Date "2002.10.07"]
[Round "5"]
[White "Orak,L"]
[Black "Kljako,D"]
[Result "1-0"]
[WhiteElo "2298"]
[BlackElo "2263"]

1.e4 g6 2.d4 Bg7 3.Nc3 d6 4.Be3 a6 5.Nf3 b5 6.Bd3 Nd7 7.a4 b4 8.Ne2 Bb7 9.O-O Ngf6
10.Ng3 Ng4 11.Bd2 c5 12.c3 a5 13.h3 Ngf6 14.d5 O-O 15.c4 Nb6 16.b3 e6 17.Qc2 exd5
18.exd5 Nfd7 19.Rae1 Ne5 20.Nxe5 Bxe5 21.Ne4 Nd7 22.Bh6 Re8 23.f4 Bd4+ 24.Kh1 Qc7
25.f5 Bh8 26.fxg6 hxg6 27.Qf2 f5 28.Qg3 Ne5 29.Rxf5 Qe7 30.Rxe5 Bxe5 31.Qxg6+ Kh8
32.Ng5 Rf8 33.Bxf8 Rxf8 34.Qh6+ Kg8 35.Bh7+ Kh8 36.Bf5+  1-0

[Event "EuYCh B16"]
[Site "Peniscola ESP"]
[Date "2002.10.07"]
[Round "8"]
[White "Shytaj,L"]
[Black "Polivanov,A"]
[Result "1-0"]
[WhiteElo "2216"]
[BlackElo "2349"]

1.e4 g6 2.d4 Bg7 3.Nc3 d6 4.Be3 a6 5.Qd2 b5 6.Bd3 Nd7 7.a4 b4 8.Nd1 c5 9.Ne2 Ngf6
10.f3 O-O 11.c3 a5 12.Bh6 cxd4 13.cxd4 e5 14.Bxg7 Kxg7 15.Bb5 Ba6 16.Bxa6 Rxa6
17.Ne3 exd4 18.Qxd4 Re8 19.O-O Kg8 20.Nf4 Nc5 21.Nfd5 Nxd5 22.Nxd5 Re6 23.Rae1 Nxa4
24.f4 Nb6 25.f5 gxf5 26.exf5 Re5 27.Qg4+ Kf8 28.Nf4 Nd7 29.Ne6+ fxe6 30.fxe6+ Nf6
31.Rxf6+ Qxf6 32.Rf1 Qxf1+ 33.Kxf1 Ra7 34.Qf4+ Kg7 35.Qg3+ Kf6 36.h4 Kxe6
37.Qg4+ Rf5+ 38.Kg1 Rf7 39.Qe4+ Re5 40.Qc4+ Kf6 41.Qc6 Ke6 42.Qc4+ Ke7 43.Qc7+ Ke6
44.Qc4+ Kf6 45.Qc6 Ke6 46.Qc4+ d5 47.Qa6+ Kf5 48.Qxa5 d4 49.Qxb4 Re4 50.Qc5+ Ke6
51.Qc6+ Kf5 52.Qd5+ Kf4 53.Qxf7+ Ke5  1-0

[Event "EuYCh G18"]
[Site "Peniscola ESP"]
[Date "2002.10.08"]
[Round "9"]
[White "Kisonova,K"]
[Black "Bonnafous,N"]
[Result "0-1"]
[WhiteElo "2166"]
[BlackElo "2040"]

1.e4 g6 2.d4 Bg7 3.Nc3 d6 4.Be3 a6 5.Bd3 Nc6 6.d5 Ne5 7.Be2 c5 8.f4 Nd7 9.a4 b6
10.Qd2 Rb8 11.Nf3 Ngf6 12.h3 O-O 13.Qd3 Nh5 14.Kf2 Nhf6 15.g4 Ne8 16.Rag1 Nc7
17.Qd1 b5 18.Qf1 b4 19.Nd1 e6 20.dxe6 fxe6 21.Kg3 Bb7 22.Nd2 d5 23.Qg2 d4
24.Bf2 Qf6 25.Kh2 Qxf4+ 26.Bg3 Qxd2 27.Bxc7 Be5+ 28.Bxe5 Nxe5 29.Rf1 Nf3+  0-1

[Event "4th ZNG111 IM"]
[Site "Opatija CRO"]
[Date "2002.10.09"]
[Round "7"]
[White "Fercec,N"]
[Black "Kljako,D"]
[Result "1-0"]
[WhiteElo "2504"]
[BlackElo "2263"]

1.e4 g6 2.d4 Bg7 3.Nc3 d6 4.Be3 c6 5.Qd2 b5 6.Bd3 Nd7 7.Nf3 Qc7 8.O-O Ngf6
9.h3 O-O 10.a4 b4 11.Ne2 a5 12.c3 bxc3 13.Nxc3 Ba6 14.Rfc1 Bxd3 15.Qxd3 Rfb8
16.Rc2 Rb4 17.Rac1 Rab8 18.Nd2 Qb7 19.b3 Ne8 20.f4 e6 21.Na2 Rb6 22.d5 c5
23.Nc3 Bxc3 24.Rxc3 exd5 25.exd5 Ndf6 26.Nc4 Ra6 27.Rd1 Nc7 28.Bc1 Ncxd5
29.Bb2 Nxf4 30.Qf1 N6d5 31.Rf3 g5 32.g3 Ne6 33.Rf5 Qxb3 34.Rfxd5 Qxg3+ 35.Kh1 g4
36.Rg5+  1-0

[Event "FSGM Oct"]
[Site "Budapest HUN"]
[Date "2002.10.11"]
[Round "7"]
[White "Szieberth,A"]
[Black "Horvath,Cs"]
[Result "1-0"]
[WhiteElo "2371"]
[BlackElo "2506"]

1.e4 g6 2.d4 Bg7 3.Nc3 d6 4.Be3 a6 5.a4 b6 6.Nf3 Bb7 7.Be2 Nd7 8.O-O e6 9.Qd2 h6
10.h3 Ne7 11.Nh2 c5 12.Rad1 Qc7 13.dxc5 dxc5 14.Bf4 e5 15.Be3 O-O-O 16.Bc4 Kb8
17.Qe2 Qc8 18.Bxf7 Nf6 19.Qc4 Qc6 20.f3 Nh5 21.Rxd8+ Rxd8 22.a5 Rd4 23.Bxd4 exd4
24.Nd5 Nc8 25.Nxb6 Nd6 26.Qe6 d3 27.c3 Nf4 28.Qe7 Ne2+ 29.Kf2 c4 30.Nd7+ Ka7
31.Bxg6 Bh8 32.g3 Qc7 33.e5 Bxe5 34.Qxe5 Qxd7 35.Ng4 h5 36.Qxh5 Qe6 37.Ne3 Nxg3
38.Qg4 Qxg4 39.hxg4 Nxf1 40.Nxf1  1-0

[Event "Essent Open"]
[Site "Hoogeveen NED"]
[Date "2002.10.11"]
[Round "1"]
[White "Berendsen,R"]
[Black "Nijboer,F"]
[Result "0-1"]
[WhiteElo "2249"]
[BlackElo "2556"]

1.e4 d6 2.d4 g6 3.Nc3 Bg7 4.f4 Nc6 5.Be3 Nf6 6.Nf3 O-O 7.e5 dxe5 8.dxe5 Qxd1+
9.Rxd1 Ng4 10.Bg1 f6 11.Bc4+ Kh8 12.h3 Nh6 13.Bh2 Nf5 14.Ke2 fxe5 15.fxe5 Bh6
16.Nd5 Be6 17.g4 Bxd5 18.Bxd5 Ne3 19.Rd2 Nxd5 20.Rxd5 Bf4 21.Rf1 Kg8 22.Rd7 Nxe5
23.Rxc7 Bxh2 24.Nxh2 Rfc8 25.Rxc8+ Rxc8 26.Rc1 Rc4 27.Ke3 Ra4 28.a3 Nc4+
29.Ke2 Ra6 30.Nf3 Nxb2 31.Rb1 Re6+ 32.Kd2 Rb6 33.Re1 Kf8 34.Ne5 Ke8 35.Kc3 Na4+
36.Kd4 Rd6+ 37.Ke4 Nc5+ 38.Kf4 Ne6+ 39.Ke3 Rd5 40.Nd3 Nd4 41.Ke4 Rd6 42.Rb1 Nxc2
43.Rb3 b6 44.Rc3 Nd4 45.Ne5 Ne6 46.Rc8+ Rd8 47.Rc6 Ng5+ 48.Ke3 Nf7 49.Nf3 Kd7
50.Rc3 Rc8 51.Rd3+ Ke6 52.Nd4+ Kf6 53.Nb5 Ne5 54.Rd1 Nc4+ 55.Ke4 a6 56.Nd4 Nd6+
57.Kd3 e5 58.Rf1+ Ke7 59.Re1 e4+ 60.Ke3 Kf6  0-1

[Event "TCh-CZE 2002-3"]
[Site "Czech Rep CZE"]
[Date "2002.10.12"]
[Round "1"]
[White "Kulhanek,T"]
[Black "Stratil,L"]
[Result "1/2-1/2"]
[WhiteElo "2366"]
[BlackElo "2356"]

1.e4 g6 2.d4 Bg7 3.Nc3 d6 4.Be3 Nd7 5.Qd2 e6 6.Bd3 Ne7 7.Nf3 h6 8.O-O a6
9.h3 b6 10.Ne2 Bb7 11.Nh2 Nf6 12.f3 Qd7 13.a4 d5 14.e5 Nfg8 15.f4 h5 16.Bf2 Bf8
17.Bh4 Nc6 18.c3 Na5 19.Qc2 c5 20.Qd1 Nc4 21.Qc1 Rc8 22.Nf3 Be7 23.Bxe7 Nxe7
24.b3 Na5 25.Bc2 cxd4 26.Nfxd4 Nf5 27.Bxf5 gxf5 28.Rb1 h4 29.Qe3 Nc6 30.Nf3 Qd8
31.Rfd1 Ne7 32.Ng5 Qc7 33.Rbc1 Qc5 34.Nd4 Rh6 35.Kh1 Qa5 36.Ne2 Qc5 37.Qxc5 Rxc5
38.Kg1 Kf8 39.Kf2 Rc8 40.c4 Rc5 41.cxd5 Rxc1 42.Rxc1 Nxd5 43.Rc4 Rh5 44.g3 hxg3+
45.Kxg3 Ke7 46.Nc3 f6 47.Nf3 fxe5 48.Nxe5 Kd6 49.Nf7+ Kd7 50.Ne5+ Kd6 51.Nf7+  1/2-1/2

[Event "TCh-CZE 2002-3"]
[Site "Czech Rep CZE"]
[Date "2002.10.12"]
[Round "1"]
[White "Hromada,P"]
[Black "Petran,Pe"]
[Result "1/2-1/2"]
[WhiteElo "2236"]
[BlackElo "2372"]

1.e4 g6 2.d4 Bg7 3.Nc3 d6 4.Be3 c6 5.Qd2 b5 6.Bd3 Nd7 7.Nce2 a6 8.f4 e5 9.fxe5 dxe5
10.c3 Ngf6 11.Bg5 h6 12.Bxf6 Qxf6 13.Nf3 exd4 14.cxd4 c5 15.e5 Qb6 16.Be4 Bb7
17.e6 fxe6 18.Bxg6+ Ke7 19.O-O cxd4 20.Nfxd4 Rhf8 21.Qe3 Bd5 22.Bf5 Be5 23.Bg4 Bc4
24.Bf3 Rac8 25.Rad1 Bxe2 26.Bxe2 Rxf1+ 27.Kxf1 Bxd4 28.Rxd4 Qc5 29.Qd3 Rf8+
30.Ke1 Nf6 31.b4 Qe5 32.g3 Nd5 33.Re4 Qc3+ 34.Qd2 Rc8 35.Rd4 Kd6 36.Bd1 Rc4
37.Qxc3 Rxc3 38.Kd2 Rc8 39.Bb3 Rf8 40.Ke2 Ke5 41.Rh4 Rf6 42.Rh5+ Kd4 43.Bxd5 exd5
44.g4 Kc4 45.a3 d4 46.Rh3 Rg6 47.Rg3 d3+ 48.Kd2 Rf6 49.Rg2 Kb3 50.h4 Kxa3
51.g5 hxg5 52.hxg5 Rg6 53.Rg4 a5 54.bxa5 b4 55.a6 b3 56.a7 Ra6 57.Rg1 b2
58.g6 Rxa7 59.g7  1/2-1/2

[Event "TCh-SWE"]
[Site "Helsingborg SWE"]
[Date "2002.10.13"]
[Round "3"]
[White "Andersson,Bj1"]
[Black "Couso,L"]
[Result "1/2-1/2"]
[WhiteElo "2330"]
[BlackElo "2355"]

1.e4 d6 2.d4 g6 3.Nc3 Bg7 4.Nf3 Nf6 5.h3 O-O 6.Be3 a6 7.a4 Nc6 8.d5 Nb8 9.Be2 e6
10.O-O exd5 11.exd5 Nbd7 12.Bd4 Bh6 13.Nd2 Re8 14.Nc4 Nc5 15.Bf3 Nce4 16.Re1 Nxc3
17.Rxe8+ Nxe8 18.Bxc3 Bf5 19.Bg4 Qd7 20.Na5 Bxg4 21.hxg4 Rb8 22.Qf3 Bg7 23.Bxg7 Kxg7
24.b3 b6 25.Nc6  1/2-1/2

[Event "TCh-SWE"]
[Site "Helsingborg SWE"]
[Date "2002.10.13"]
[Round "3"]
[White "Thornert,H"]
[Black "Burwick,M"]
[Result "1/2-1/2"]
[WhiteElo "2205"]
[BlackElo "2239"]

1.e4 g6 2.d4 Bg7 3.Nc3 d6 4.Be3 a6 5.f4 b5 6.a3 Bb7 7.Nf3 Nd7 8.Be2 Ngf6
9.e5 Nd5 10.Nxd5 Bxd5 11.a4 c6 12.b3 Qa5+ 13.Qd2 b4 14.O-O O-O 15.Rae1 dxe5
16.fxe5 c5 17.dxc5 e6 18.Qd4 Rab8 19.Rf2 Bxf3 20.Bxf3 Nxe5 21.Qh4 Rbd8 22.Be2 Rd5
23.Rff1 Nd7 24.Qe7 Ne5 25.Qa7 Rd7 26.Qb6 Qxb6 27.cxb6 a5 28.Bb5 Rd5 29.h3 Rb8
30.Bc4 Rd7 31.Bb5 Rd5 32.Bc4 Rd7 33.Bb5 Rd5  1/2-1/2

[Event "1st It"]
[Site "Klaksvik FAI"]
[Date "2002.10.16"]
[Round "9"]
[White "Pilgaard,K"]
[Black "Ahlander,B"]
[Result "1-0"]
[WhiteElo "2432"]
[BlackElo "2393"]

1.e4 g6 2.d4 Bg7 3.Nc3 d6 4.Be3 c6 5.Qd2 b5 6.f3 Nd7 7.a3 Nb6 8.d5 Bd7 9.dxc6 Bxc6
10.Nxb5 Nf6 11.Bd3 O-O 12.Ne2 Nfd7 13.Nbd4 Qc7 14.Bh6 Bxh6 15.Qxh6 d5 16.h4 dxe4
17.h5 exd3 18.hxg6 Nf6 19.Nf5  1-0

[Event "Before Thunder Storm"]
[Site "Tel Aviv ISR"]
[Date "2002.10.20"]
[Round "1"]
[White "Kaplan,S"]
[Black "Chernomordik,P"]
[Result "0-1"]
[WhiteElo "2152"]
[BlackElo "2305"]

1.e4 g6 2.d4 Bg7 3.Nc3 d6 4.Be2 Nc6 5.Be3 e5 6.dxe5 Nxe5 7.Nf3 Nxf3+ 8.Bxf3 Nf6
9.O-O O-O 10.Bd4 Re8 11.Re1 Be6 12.Qd3 Nd7 13.Bxg7 Kxg7 14.Qd4+ Ne5 15.Be2 Qf6
16.Rad1 a6 17.Rf1 g5 18.Qe3 Kh8 19.a3 Rg8 20.Nd5 Bxd5 21.exd5 Rae8 22.Qc3 Re7
23.Bd3 g4 24.Qb4 Rg5 25.Qd2 Nf3+ 26.gxf3 gxf3+ 27.Kh1 Rh5 28.Bc4 Rxh2+ 29.Kxh2 Qh4+
30.Kg1 Qg4+  0-1

[Event "Before Thunder Storm"]
[Site "Tel Aviv ISR"]
[Date "2002.10.21"]
[Round "2"]
[White "Caspi,I"]
[Black "Kantarji,P"]
[Result "1/2-1/2"]
[WhiteElo "2135"]
[BlackElo "2304"]

1.e4 d6 2.d4 g6 3.Nc3 Bg7 4.Nf3 Nf6 5.Bc4 O-O 6.O-O c6 7.a4 d5 8.Bd3 dxe4
9.Nxe4 Nxe4 10.Bxe4 Nd7 11.c3 Qc7 12.Bg5 Nf6 13.Bd3 Be6 14.Re1 Rad8 15.Bh4 c5
16.Bg3 Qb6 17.Qe2 Nh5 18.Be5 Bxe5 19.Qxe5 Qxb2 20.Qxc5 b6 21.Qxe7 Qxc3 22.Ra3 Qa5
23.Rb1 Rfe8 24.Qh4 Qd5 25.Rc3 Rc8 26.Rxc8 Rxc8 27.Be4 Qa2 28.Re1 Qxa4 29.d5 Bd7
30.g4 Ng7 31.Ng5 h5 32.gxh5 Nxh5 33.Kh1 Bf5 34.d6 Qb4 35.Rd1 Rd8 36.f3 Qb3
37.Rb1 Qa2 38.Bxf5 Rxd6 39.Rg1 Qb3 40.Be4 Rd1 41.Qf2 Nf4 42.h4 Rxg1+ 43.Qxg1 Qb2
44.Qg4 Qc1+ 45.Kh2 Qd2+ 46.Kg3 Nh5+  1/2-1/2

[Event "10th Chigorin Mem"]
[Site "St Petersburg RUS"]
[Date "2002.10.26"]
[Round "2"]
[White "Frolyanov,D"]
[Black "Timofeev,Ar"]
[Result "0-1"]
[WhiteElo "2433"]
[BlackElo "2558"]

1.e4 g6 2.d4 Bg7 3.Nc3 d6 4.Be3 Nd7 5.Qd2 c6 6.f3 b5 7.g4 Nb6 8.b3 Nf6 9.Nge2 h5
10.g5 Nfd7 11.Bg2 b4 12.Nd1 c5 13.Nf2 a5 14.O-O Ba6 15.Rfd1 O-O 16.Rac1 Bxe2
17.Qxe2 cxd4 18.Bxd4 Bxd4 19.Rxd4 Nc5 20.Rd2 e5 21.Rcd1 Qxg5 22.Rxd6 Nc8
23.R6d5 Ne6 24.Nd3 Ne7 25.Rxe5 Qf6 26.Qe3 Rfd8 27.f4 Nxf4 28.Rf1 Rxd3 29.Qxf4 Qxf4
30.Rxf4 Rd1+ 31.Rf1 Rd7 32.Rc5 Raa7 33.Rf2 Rdc7 34.Rb5 Rc3 35.Bf1 Nc6 36.Bc4 Nd4
37.Rb6 Nf3+ 38.Kg2 Ne5 39.Bd5 h4 40.Kf1 Rac7 41.Ra6 Rxc2 42.Rxc2 Rxc2 43.Rxa5 Rxh2
44.Bc4 Nxc4 45.bxc4 Rc2 46.c5 Kg7 47.Rb5 Rc4 48.e5 g5 49.Ke2 g4 50.Kd3 g3
51.Kxc4 g2 52.c6 g1=Q 53.Rc5 h3 54.c7 h2 55.c8=Q h1=Q 56.Kb5 Qe4  0-1